Que significa orientarse en el pensamiento

Saved in:
Bibliografiske detaljer
Format: Bog
Sprog:spansk
Udgivet: Madrid Universidad Complutense 1995
Serier:Colección Excerpta Philosophica, 13
Fag:
Tags: Tilføj Tag
Ingen Tags, Vær først til at tagge denne postø!

MARC

LEADER 00000nam a2200000 a 4500
001 UCP2521
003 CL-VaPUC
005 20210427001527.0
008 990520e19950000SP |||||||||||||||||spa|d
999 |c 281041  |d 281039 
040 |c Pontificia Universidad Católica de Valparaíso 
082 0 4 |a 142.3  |b KAN  |2 21 
245 1 0 |a Que significa orientarse en el pensamiento 
260 |a Madrid  |b Universidad Complutense  |c 1995 
300 |a 27 p 
490 0 |a Colección Excerpta Philosophica, 13 
583 |a last modification  |c 19990520 00:00:00  |k Rodrigo Vera 
650 7 |a KANTIANISMO  |2 CL-VaPUC  |9 429300 
650 0 |a Filosofía alemana   |9 265002 
852 |a BIBCUR 
942 |c BK  |2 ddc 
945 |d 19990520 00:00:00  |a rbrito 
952 |0 0  |1 0  |4 0  |6 142_300000000000000_KAN_1995  |7 0  |8 A  |9 321652  |a BIBEDU  |b BIBEDU  |d 2019-11-20  |i 3510042  |o 142.3 KAN 1995  |p 3510042  |r 2019-11-20  |w 2019-11-20  |y BK  |k FIL 
952 |0 0  |1 0  |4 0  |6 142_300000000000000_KAN_1995  |7 0  |8 A  |9 321653  |a BIBEDU  |b BIBEDU  |d 2019-11-20  |i 3510077  |o 142.3 KAN 1995  |p 3510077  |r 2019-11-20  |w 2019-11-20  |y BK  |k FIL